| 000 | 00824 a2200217 4500 | ||
|---|---|---|---|
| 999 |
_c7974 _d7974 |
||
| 010 | _aENG-88261 | ||
| 020 |
_a8180040089 _c349.00 |
||
| 035 | _aEN-71794 | ||
| 037 | _bDBAD / PUB | ||
| 082 | 1 | 4 | _a617.3 |
| 100 | 1 | _aNatarajan, M. | |
| 245 | 1 |
_aNatarajan's text book of orthopedics and traumatology: _cby M. Natarajan [and] Mayilvahanan Natarajan _bwith a question bank of multiple choice questions/ |
|
| 250 | _a6th ed (repr) | ||
| 260 |
_aNew Delhi _bAll India Publishers & Distributors _c2007 |
||
| 270 |
_a4380/4B, Ansari Road, Darya Ganj, _bNew Delhi _e110 002 |
||
| 300 |
_a139p. _c24cm (pbk ) _bb&w photos |
||
| 500 | _aIncludes index | ||
| 500 | _aSection I- Orthopedics , Section II- Traumatology, Section III- MCQ's | ||
| 700 | _aNatarajan, Mayilvahanan | ||
| 942 |
_adpl _cEN _2ddc _h614.1 _mRAM |
||